000 00555nam a2200217 a 4500
001 000021314
005 20240516195916.0
008 100904s2000 sp a 000 0 spa d
020 _a8476306768
040 _aDO-SdBNP
_bspa
_cBNPHU
082 _a641.591
_bC663m
245 0 0 _aCocina mediterránea.
260 _aMadrid :
_bLIBSA,
_c2000.
300 _a92, [4] P. :
_bil. ;
_c31 cm.
490 1 _aCocina paso a paso
650 0 _aCocina
_9360
650 0 _aGastronomía
_9362
830 0 _aCocina paso a paso
_944541
910 _aWM
049 _aBNGR
999 _c20814
_d20814